| 000 | 00413nam a2200157 a 4500 | ||
|---|---|---|---|
| 005 | 20140310183217.0 | ||
| 008 | 030624s19uu xx 00 eng d | ||
| 020 | _a0446359904 | ||
| 050 |
_aPZ 1 _b.G233 1993 |
||
| 100 | _aGarlock, Dorothy. | ||
| 245 |
_aA Gentle giving / _cDorothy Garlock. |
||
| 260 |
_aNew York : _bWarner Books, _c1993. |
||
| 300 |
_a373 p. : _c18 cm. |
||
| 650 | _aFiction | ||
| 942 |
_cBK _2lcc |
||
| 999 |
_c20251 _d20251 |
||